00991nam a2200229Ia 4500008004100000020001800041040001800059041000800077100003000085245012700115260003700242300001800279500002200297650006300319650006200382650005700444650005600501651005700557651005600614700004000670765005100710130821s2011 sp gr spa  a9788420653518 aCo-BoUCMbspa00aspa1 aBen Jelloun, Tahard1944-13aLa primavera árabe el despertar de la dignidadcTahar Ben Jelloun ; traducido del francés por Malika Embarek López. aMadrid (España)bAlianzac2011 a147 páginas aIncluye índice.04aDemocratizaciónxHistoriazÁfrica del NorteySiglo XXI04aDemocratizaciónxHistoriazPaíses árabesySiglo XXI04aInsurgenciaxHistoriazÁfrica del NorteySiglo XXI04aInsurgenciaxHistoriazPaíses árabesySiglo XXI 4aÁfrica del NortexPolítica y gobiernoySiglo XXI 4aPaíses árabesxPolítica y gobiernoySiglo XXI1 aEmbarek López, Malikaetraductora1 tL'Étincelle. Révoltes dans les pays arabes